[Event "KSB 24/25,Koprivnice A - Slavoj F"]
[White "Papan, Cyril"]
[Black "Son, Yeonjun"]
[Site "?"]
[Round "11.7"]
[Annotator "Taktická analýza 7.0"]
[Result "0-1"]
[Date "2025.03.30"]
[WhiteElo "1856"]
[BlackElo "1897"]
[PlyCount "64"]
[GameId "2161341281326264"]
[EventDate "2025.??.??"]

{[%evp 9,64,31,66,45,65,0,21,-11,-12,-46,0,0,0,-25,-22,-45,-23,-126,-127,-122,-102,-184,-180,-173,-144,-223,-218,-211,-174,-257,-77,-256,-258,-541,-492,-492,-488,-421,-168,-199,0,0,55,-70,-80,-77,-103,-235,-10,-61,-44,-67,-64,-548,-486,-1093,-1051]} 1. d4 d5 2. Nf3 Nf6 3. c4 e6 4. Nc3 Nbd7 5. Bf4 a6 6. e3 {D37: Odmítnutý dámský gambit, varianty se 5. Sf4.} c5 7. Be2 dxc4 8. Bxc4 {Pozice je vyrovnaná.} b5 9. Bd3 c4 $146 ({Přechůdce:} 9... Bb7 10. O-O Be7 11. Rc1 Rc8 12. e4 c4 13. Bb1 b4 14. Ne2 Nxe4 15. Ng3 Nef6 {0-1 Badol,S (1780)-Abdul,M (1952) Dhaka Bangabandhu op-B 2021 (4)}) 10. Bc2 Bb7 11. O-O Be7 12. Qe2 Nh5 13. Rfd1 Nxf4 14. exf4 {[#] černý nyní musí zabránit tahu d5.} Nf6 15. f5 {[%tqu "En","","","","e6f5","",10]} exf5 16. Bxf5 g6 17. Bc2 O-O 18. Ne5 Re8 19. Rd2 b4 $2 {[%eval -77,29] [%wdl 1,849,150]} (19... Bb4 $19 {[%eval -257,30] [%wdl 0,14,986] dává lepší šance na výhru.} 20. Rdd1 Nd5 21. Nxd5 Qxd5 (21... Bxd5 22. Qg4 $17)) 20. Na4 $2 {[%eval -256,29] [%wdl 0,14,986]} (20. Nd1 $17 {[%eval -77,29] [%wdl 1,849,150]}) 20... Rc8 $19 (20... Qd5 21. Qf1 $11) 21. f3 $2 {[%eval -541,27] [%wdl 0,0,1000]} (21. Re1 {[%eval -258,27] [%wdl 0,13,987] bylo žádoucí.} Qc7 (21... Qd5 22. f4 $17) 22. Qd1) 21... c3 22. bxc3 bxc3 23. Rdd1 Ba3 $2 {[%eval -168,27] [%wdl 0,214,786]} (23... Nd5 {[%eval -421,23] [%wdl 0,0,1000]} 24. Rab1 Ba8) 24. Rab1 Qc7 {[%eval 0,34] [%wdl 11,979,10]} ({černý měl hrát} 24... Qe7 $19 {[%eval -199,27] [%wdl 0,87,913]} 25. Nb6 Rc7) 25. Rb3 $11 {[%csl LRa3,LRc3]} Bb2 {Silná dvojice střelců.} 26. Nb6 {Odráží Sd5.} (26. Nxb2 {zjednodušuje} cxb2 27. Bd3 Bd5 28. Rxb2 Qa7 29. Qf2) 26... Rcd8 {[#]} 27. Qc4 Qe7 28. Re1 Nd5 $2 {[%eval -10,41] [%wdl 7,979,14]} (28... a5 $19 {[%eval -235,27] [%wdl 0,27,973] hrozí vyhrát díky ...Jd5.} 29. Kf1 Kg7) 29. Be4 Nxb6 ({ne} 29... Qh4 $2 30. g3 Qg5 31. Nxd5 $18 (31. Bxd5 Qd2 $16)) 30. Rxb6 Bxe4 31. fxe4 {[%eval -548,26] [%wdl 0,0,1000][%mdl 8192]} ({jediný tah:} 31. Rxe4 $15 {[%eval -64,31] [%wdl 1,916,83]} Qa7 32. Rxa6) {[%tqu "En","","","","e7a7","",10]} 31... Qa7 $1 $19 32. Rf6 {[%eval -1093,24] [%wdl 0,0,1000]} (32. Qc5 $142 {[%eval -486,27] [%wdl 0,0,1000]} c2 33. Rxb2 Qxc5 34. dxc5) 32... Rxe5 {Vážená hodnota chyby: Bílý=1.01/Černý=0.49  Prohrává partii:  	Bílý=2    	---        Vypuštěná výhra: 	---       	Černý=3     Chyba:        	Bílý=2    	Černý=1     Nepřesné:     	Bílý=10    	Černý=2     OK:         	Bílý=4    	Černý=9     Nejlepší:     	Bílý=1    	Černý=1     Silný:       	---       	Černý=1} 0-1

[Event "KSB 24/25,Koprivnice A - Slavoj F"]
[White "Kazda, Ondrej"]
[Black "Kolecek, Jirka"]
[Site "?"]
[Round "10.8"]
[Annotator "Taktická analýza 7.0"]
[Result "1/2-1/2"]
[Date "2025.03.30"]
[WhiteElo "1752"]
[BlackElo "1897"]
[PlyCount "52"]
[GameId "2161358066284057"]
[EventDate "2025.??.??"]

{[%evp 16,52,12,0,34,13,35,14,42,21,26,0,24,-21,-19,-32,-29,-30,0,-10,0,0,0,0,0,0,6,0,0,0,0,0,0,0,0,0,1,0,0]} 1. Nf3 Nf6 2. b3 e6 3. Bb2 d5 4. e3 c5 5. d4 Nc6 6. Nbd2 cxd4 7. Nxd4 Be7 8. Be2 O-O 9. O-O a6 {D05: dámským pěšcem.} 10. Nxc6 bxc6 11. c4 Bb7 12. Bf3 $146 ({Přechůdce:} 12. Nf3 Ne4 13. Bd3 Nd6 14. c5 Nb5 15. a4 Nc7 16. b4 a5 17. b5 h6 18. Qc2 {1-0 Incecik,S (1792)-Gur,T (1505) TUR-ch (Women) Cesme 2016 (7)}) 12... a5 13. a3 Nd7 14. cxd5 cxd5 15. e4 Bf6 16. Bxf6 Nxf6 17. exd5 {Pozice je vyrovnaná.} exd5 18. b4 axb4 19. axb4 Qb6 20. Qb3 Rab8 21. Rab1 Ba6 22. Rfd1 Rfd8 23. h3 h5 24. Rb2 Bb5 25. Rbb1 Ra8 26. Ra1 {Uhýbá Sa4} Rab8 {Celkem klidná remíza.   Vážená hodnota chyby: Bílý=0.08 (bezchybné) /Černý=0.09 (bezchybné)   Nepřesné:     	Bílý=2    	Černý=1     OK:         	Bílý=3    	Černý=6} 1/2-1/2